000 00334nam a2200157Ia 4500
001 12986
003 IN-NITTTR
005 20251114233122.0
008 251113s9999||||xx |||||||||||||| ||eng||
040 _beng
040 _cIN-NITTTR
041 _aeng
082 _a621.75 C366W
245 0 _aWorkshop technology /
942 _2ddc
_cBK
999 _c15622
_d15622